000 00586nam a2200253Ia 4500
005 20250425162346.0
008 250425s9999 xx 000 0 und d
020 _a9706864253
041 _aspa
082 _a530
100 _aSERWAY, RAYMOND A.
245 0 _aFISICA PARA CIENCIAS E INGENIERIAS VOL II
250 _a6A ED.
260 _aMEXICO
260 _aMéxico
_bTHOMSON
_c2005
300 _a848
650 _aELECTRICIDAD
650 _aFISICA ATOMICA
650 _aFISICA MODERNA
650 _aMAGNETISMO
650 _aOPTICA
942 _c01
010 _a65640
999 _c227628
_d227628